Statistics for German States by Population (with hint)

Click here to take the quiz!

General Stats

  • This quiz has been taken 78 times
  • The average score is 15 of 16

Answer Stats

PopulationHintAnswer% Correct
12,843,514BBavaria
100%
4,084,851SSaxony
98%
3,520,031BBerlin
97%
6,176,172HHesse
95%
671,489BBremen
94%
1,787,408HHamburg
92%
7,926,599LLower Saxony
92%
17,865,516NNorth Rhine- Westphalia
92%
4,052,803RRhineland-Palatinate
91%
995,597SSaarland
89%
2,170,714TThuringia
89%
10,879,618BBaden-Württemberg
88%
2,484,826BBrandenburg
88%
1,612,362MMecklenburg-Vorpommern
88%
2,245,470SSaxony-Anhalt
88%
2,858,714SSchleswig-Holstein
83%

Score Distribution

Percentile by Number Answered

Percent of People with Each Score

Your Score History

You have not taken this quiz